Equatorial Countries in Order of Size - Statistics

General Stats
  • This quiz has been taken 21 times
  • The average score is 5 of 11
Answer Stats
Country % Correct
1 Brazil
100%
2 D.R. Congo
100%
3 Indonesia
81%
4 Colombia
69%
5 Somalia
38%
6 Kenya
31%
11 São Tomé & Príncipe
31%
9 Ecuador
19%
8 Gabon
19%
10 Uganda
19%
7 Rep. Congo
13%
No matching quizzes found
Score Distribution
Percent of People with Each Score
Percentile by Number Answered
Your Score History
You have not taken this quiz